[Event "TCh-FRA Top 12 2018"]
[Site "Brest FRA"]
[Date "2018.06.05"]
[Round "11.1"]
[Board "8"]
[White "Duquesne, Adrien"]
[Black "Maisuradze, Nino"]
[Result "0-1"]
[BlackTitle "WGM"]
[WhiteElo "2188"]
[BlackElo "2172"]
[WhiteTeam "Evry Grand Roque"]
[BlackTeam "BISCHWILLER"]
[WhiteFideId "20650582"]
[BlackFideId "13601717"]
[EventDate "2018.05.26"]

1. d4 d5 2. c4 e6 3. Nc3 Be7 4. Nf3 Nf6 5. cxd5 exd5 6. Bg5 c6 7. Qc2 O-O 8. e3
Nbd7 9. Bd3 Re8 10. O-O Nf8 11. Rab1 g6 12. b4 Ne6 13. Bh4 a6 14. a4 Ng7 15. b5
axb5 16. axb5 Bf5 17. bxc6 bxc6 18. Ne5 Rc8 19. Na4 Bxd3 20. Nxd3 Nf5 21. Bxf6
Bxf6 22. Rb6 Ra8 23. Rfb1 Ne7 24. Nac5 Ra3 25. h3 Ra7 26. Qd1 Bg7 27. Qg4 h5 28.
Qf4 Qc7 29. Qxc7 Rxc7 30. Na6 Ra7 31. Nb8 Rc8 32. Rc1 Rac7 33. Nb4 Bf8 34. N4a6
Ra7 35. Nxc6 Kg7 36. Nxa7 Rxc1+ 37. Kh2 Rc2 38. Kg1 Rc1+ 39. Kh2 Rc2 40. f3 Nf5
41. e4 dxe4 42. fxe4 Nxd4 43. Nb4 Bxb4 44. Rxb4 Nf3+ 45. Kg3 Ne1 46. Rb1 Rxg2+
47. Kf4 Rg1 48. Rb7 Nd3+ 49. Ke3 Rg3+ 50. Kd4 Rxh3 51. Nb5 Nf4 52. Nd6 Ne6+ 53.
Ke5 Rf3 54. Ne8+ Kh6 55. Nf6 Nd8 56. Rc7 Kg5 57. Nd5 h4 58. Rc8 Ne6 59. Rc1 h3
60. Rg1+ Kh4 61. Nf6 h2 62. Rh1 Kh3 63. Ng4 Kxg4 64. Rxh2 Ng5 65. Rg2+ Rg3 66.
Re2 Nf3+ 67. Kf6 Nd4 68. Re1 Rf3+ 69. Ke5 Nc6+ 70. Kd6 Nb4 71. e5 Nd3 72. Rg1+
Kf5 0-1

[Event "TCh-FRA Top 12 2018"]
[Site "Brest FRA"]
[Date "2018.06.05"]
[Round "11.2"]
[Board "1"]
[White "Kryvoruchko, Yuriy"]
[Black "Efimov, Igor"]
[Result "1-0"]
[WhiteTitle "GM"]
[BlackTitle "GM"]
[WhiteElo "2705"]
[BlackElo "2413"]
[WhiteTeam "GRASSE Echecs"]
[BlackTeam "C.E.M.C. Monaco"]
[WhiteFideId "14109182"]
[BlackFideId "806404"]
[EventDate "2018.05.26"]

1. e4 e6 2. d4 d5 3. Nc3 Nf6 4. e5 Nfd7 5. f4 c5 6. Nf3 a6 7. Be3 Qb6 8. a3 Nc6
9. Be2 cxd4 10. Nxd4 Bc5 11. Na4 Qa5+ 12. c3 Ba7 13. b4 Qd8 14. O-O O-O 15. Qd2
Nb6 16. Nxc6 bxc6 17. Nc5 a5 18. Bd4 Nd7 19. Qe3 Bxc5 20. bxc5 Ba6 21. Bxa6 Rxa6
22. f5 Qh4 23. Rf4 Qg5 24. fxe6 1-0

[Event "TCh-FRA Top 12 2018"]
[Site "Brest FRA"]
[Date "2018.06.05"]
[Round "11.2"]
[Board "2"]
[White "Cornette, Deimante"]
[Black "Kuzubov, Yuriy"]
[Result "0-1"]
[WhiteTitle "IM"]
[BlackTitle "GM"]
[WhiteElo "2461"]
[BlackElo "2663"]
[WhiteTeam "C.E.M.C. Monaco"]
[BlackTeam "GRASSE Echecs"]
[WhiteFideId "12802859"]
[BlackFideId "14112906"]
[EventDate "2018.05.26"]

1. e4 e6 2. d4 d5 3. Nd2 c5 4. exd5 Qxd5 5. Ngf3 cxd4 6. Bc4 Qd6 7. O-O Nf6 8.
Nb3 Nc6 9. Nbxd4 Nxd4 10. Nxd4 Be7 11. c3 O-O 12. Qf3 Rd8 13. Re1 Qc5 14. Bb3
Nd5 15. Bc2 Bf6 16. Qe4 g6 17. Bh6 Bd7 18. Rad1 Rac8 19. Rd3 Bg7 20. Bxg7 Kxg7
21. Nb3 Qc7 22. Rf3 Bc6 23. Qh4 e5 24. Rh3 h5 25. Rg3 Nf4 26. Qg5 Re8 27. Nd2
Bxg2 28. Ree3 Rcd8 29. Nb3 Bd5 30. Nc1 Bc4 31. b3 Rd2 32. Qf5 Be6 33. Qe4 Red8
34. Nd3 Rxc2 35. Nxf4 Rc1+ 0-1

[Event "TCh-FRA Top 12 2018"]
[Site "Brest FRA"]
[Date "2018.06.05"]
[Round "11.2"]
[Board "3"]
[White "Hera, Imre Jr."]
[Black "Dornbusch, Tatiana"]
[Result "1-0"]
[WhiteTitle "GM"]
[BlackTitle "WGM"]
[WhiteElo "2620"]
[BlackElo "2290"]
[WhiteTeam "GRASSE Echecs"]
[BlackTeam "C.E.M.C. Monaco"]
[WhiteFideId "716855"]
[BlackFideId "14107449"]
[EventDate "2018.05.26"]

1. c4 Nf6 2. g3 e5 3. Bg2 Nc6 4. Nc3 Bc5 5. e3 O-O 6. Nge2 a6 7. O-O d6 8. b3
Ba7 9. Bb2 Bg4 10. h3 Bf5 11. d3 Rb8 12. Kh2 Be6 13. Nd5 Bxd5 14. cxd5 Ne7 15.
Nc3 c6 16. dxc6 Nxc6 17. Ne4 Nxe4 18. dxe4 Bc5 19. h4 Qb6 20. Bh3 a5 21. a3 Rbd8
22. Qd3 Ra8 23. Rae1 Qa6 24. Qd1 Qb6 25. Re2 Rad8 26. Rd2 Qb5 27. Qc2 Qa6 28.
Rd3 Qb5 29. Qd2 Qb6 30. f4 Rfe8 31. Qc3 Qb5 32. Rf3 Qa6 33. Rd2 f6 34. Bf1 Qb6
35. Bc4+ Kh8 36. Qd3 Re7 37. g4 Rf8 38. Bd5 Rc7 39. g5 Re7 40. f5 Rc7 41. Rg3
Re7 42. Rdg2 Qd8 43. Qe2 Rd7 44. Qh5 Re7 45. Bc1 Nb8 46. Bf7 Rfxf7 47. g6 Qg8
48. gxf7 Rxf7 49. Qd1 Rc7 50. Qd5 Qxd5 51. exd5 Ba7 52. Bd2 Bb6 53. e4 Na6 54.
Bh6 Bf2 55. Rxg7 Rxg7 56. Bxg7+ Kg8 57. Bh6+ 1-0

[Event "TCh-FRA Top 12 2018"]
[Site "Brest FRA"]
[Date "2018.06.05"]
[Round "11.2"]
[Board "4"]
[White "Villegas, Pierre"]
[Black "Dorfman, Iossif"]
[Result "1/2-1/2"]
[WhiteTitle "FM"]
[BlackTitle "GM"]
[WhiteElo "2345"]
[BlackElo "2547"]
[WhiteTeam "C.E.M.C. Monaco"]
[BlackTeam "GRASSE Echecs"]
[WhiteFideId "654183"]
[BlackFideId "604011"]
[EventDate "2018.05.26"]

1. d4 d5 2. c4 c6 3. cxd5 cxd5 4. Nc3 Nf6 5. Bf4 Nc6 6. e3 e6 7. Bd3 Be7 8. h3
O-O 9. Nf3 Bd7 10. O-O Qa5 11. a3 Rfc8 12. b4 Qd8 13. Na4 Be8 14. Qb3 Bd6 15.
Bxd6 Qxd6 16. Rfc1 Ne7 17. Ne5 Rc7 18. Rxc7 Qxc7 19. Nc3 Nc8 20. Bb5 Nd6 21.
Bxe8 Rxe8 22. Rc1 Rc8 23. Qa4 a6 24. Ne2 Qd8 25. Rc5 Nfe4 26. Rxc8 Qxc8 27. Qd7
Qxd7 28. Nxd7 Nc4 29. a4 a5 30. bxa5 Nxa5 31. f3 Nd6 1/2-1/2

[Event "TCh-FRA Top 12 2018"]
[Site "Brest FRA"]
[Date "2018.06.05"]
[Round "11.2"]
[Board "5"]
[White "Sebag, Marie"]
[Black "Ribbegren, Karl Johan"]
[Result "1-0"]
[WhiteTitle "GM"]
[WhiteElo "2486"]
[BlackElo "2222"]
[WhiteTeam "GRASSE Echecs"]
[BlackTeam "C.E.M.C. Monaco"]
[WhiteFideId "617822"]
[BlackFideId "5400040"]
[EventDate "2018.05.26"]

1. e4 c5 2. Nf3 g6 3. c3 Bg7 4. d4 cxd4 5. cxd4 d5 6. e5 Bg4 7. Bb5+ Nd7 8. O-O
e6 9. Nbd2 Ne7 10. h3 Bxf3 11. Nxf3 a6 12. Bd3 Nc6 13. Be3 O-O 14. Rc1 Rc8 15.
Qd2 Qa5 16. Rc3 b5 17. Rfc1 Qb6 18. h4 Qb7 19. h5 Nb6 20. b3 Rfe8 21. Bh6 Na7
22. Qf4 Qe7 23. Bg5 Qa3 24. Rc7 Qf8 25. h6 1-0

[Event "TCh-FRA Top 12 2018"]
[Site "Brest FRA"]
[Date "2018.06.05"]
[Round "11.2"]
[Board "6"]
[White "Meylan, Andre"]
[Black "Libiszewski, Fabien"]
[Result "1-0"]
[BlackTitle "GM"]
[WhiteElo "2179"]
[BlackElo "2504"]
[WhiteTeam "C.E.M.C. Monaco"]
[BlackTeam "GRASSE Echecs"]
[WhiteFideId "1301225"]
[BlackFideId "616834"]
[EventDate "2018.05.26"]

1. e4 g6 2. d4 d6 3. Nc3 Bg7 4. f4 Nf6 5. Nf3 O-O 6. Bd3 Nc6 7. e5 dxe5 8. fxe5
Ng4 9. h3 Nh6 10. d5 Nb4 11. Bc4 c6 12. Bg5 f6 13. Be3 Nf5 14. d6+ e6 15. Bc5
Qa5 16. d7 Qxc5 17. Bxe6+ Kh8 18. Bxf5 Qe3+ 19. Kf1 Bxd7 20. Bxd7 fxe5 21. Qe2
Qb6 22. Rd1 Rf4 23. a3 Na6 24. b4 Raf8 25. Ne4 Nc7 26. c4 a5 27. c5 Qa7 28. Kg1
Nb5 29. Kh2 Nxa3 30. Nfg5 Nb5 31. Ne6 Nd4 32. Rxd4 exd4 33. Nxf4 Rxf4 34. Nd6
axb4 35. Qe7 Qb8 36. Rd1 b3 37. Be6 Bf8 38. Qd7 b2 39. Kg1 Bxd6 40. Qxd6 Qf8 41.
g3 Rf3 42. Qxd4+ Qf6 43. Qxf6+ Rxf6 44. Ba2 Rf3 45. Kg2 Ra3 46. Bb1 Rb3 47. Rd3
Rb5 48. Rd7 b6 49. cxb6 Rxb6 50. Rc7 Kg8 51. h4 h5 52. Kf3 c5 53. Rxc5 Kg7 54.
Rg5 Kf7 55. Ke3 Kg7 56. Kd2 Kh6 57. Kc3 Kg7 58. Kc2 Kh6 59. Ba2 Kg7 60. Kb1 Kh6
61. Bc4 Kg7 62. Bb5 Kf6 63. Kxb2 Re6 64. Bd3 Kg7 65. Kc3 Rd6 66. Kd2 Re6 67. Bc2
Kh6 68. Kd3 Rc6 69. Bb3 Rb6 70. Bd5 Kg7 71. Kd4 Ra6 72. Be4 Ra4+ 73. Ke5 Ra5+
74. Kf4 Ra6 75. Rxg6+ Rxg6 76. Bxg6 1-0

[Event "TCh-FRA Top 12 2018"]
[Site "Brest FRA"]
[Date "2018.06.05"]
[Round "11.2"]
[Board "7"]
[White "Wirig, Anthony"]
[Black "Nelis, Jean-Francois"]
[Result "1-0"]
[WhiteTitle "GM"]
[WhiteElo "2504"]
[BlackElo "2141"]
[WhiteTeam "GRASSE Echecs"]
[BlackTeam "C.E.M.C. Monaco"]
[WhiteFideId "615013"]
[BlackFideId "623830"]
[EventDate "2018.05.26"]

1. d4 e6 2. Nf3 c5 3. e4 cxd4 4. Nxd4 a6 5. Bd3 Nf6 6. O-O d6 7. Qe2 Nbd7 8. c4
g6 9. f4 Bg7 10. Nf3 O-O 11. Nc3 Qc7 12. Kh1 b6 13. Bd2 Bb7 14. Rac1 Rac8 15. b4
Qb8 16. a3 Qa8 17. Rce1 Qb8 18. Ng5 Rfd8 19. Nd1 Qa8 20. Nf2 Re8 21. Nf3 Red8
22. Kg1 Rc7 23. Nh1 Rcc8 24. Ng3 Rc7 25. h3 Rcc8 26. Kh2 Qb8 27. Kh1 Qa8 28. Kg1
Rc7 29. Rf2 Qb8 30. Kh1 Qa8 31. Nh2 Rcc8 32. Ng4 Nxg4 33. hxg4 b5 34. cxb5 axb5
35. Bxb5 Qxa3 36. Rf3 Qb2 37. g5 d5 38. Bd3 dxe4 39. Bxe4 Nc5 40. bxc5 Rxd2 41.
Qf1 Bxe4 42. Nxe4 Rc2 43. Rd3 Qa2 44. Qf3 Rf8 45. Red1 Qc4 46. Kh2 Rc1 47. Rxc1
Qxc1 48. Rd1 Qc4 49. Rd7 Kh8 50. Kh3 Qa4 51. Qd3 h6 52. gxh6 Bxh6 53. g3 Bg7 54.
Ng5 Qa8 55. Nxf7+ Kg8 56. Qxg6 1-0

[Event "TCh-FRA Top 12 2018"]
[Site "Brest FRA"]
[Date "2018.06.05"]
[Round "11.2"]
[Board "8"]
[White "Van Hoolandt, Patrick"]
[Black "Navrotescu, Andreea-Cristiana"]
[Result "0-1"]
[WhiteTitle "FM"]
[BlackTitle "WIM"]
[WhiteElo "2086"]
[BlackElo "2175"]
[WhiteTeam "C.E.M.C. Monaco"]
[BlackTeam "GRASSE Echecs"]
[WhiteFideId "200999"]
[BlackFideId "675946"]
[EventDate "2018.05.26"]

1. d4 Nf6 2. c4 g6 3. Nc3 d5 4. cxd5 Nxd5 5. Bd2 Nb6 6. e4 Bg7 7. Be3 O-O 8. Be2
e5 9. Nf3 exd4 10. Nxd4 N8d7 11. O-O Ne5 12. Ndb5 Bd7 13. Qc2 a6 14. Na3 Be6 15.
Rad1 Qh4 16. f3 Rad8 17. Qc1 Rxd1 18. Rxd1 Rd8 19. g3 Rxd1+ 20. Nxd1 Qe7 21. b3
h5 22. Nc2 c5 23. b4 Bxa2 24. Bxc5 Qc7 25. Nce3 Ned7 26. Qd2 Bb3 27. Bd6 Qc6 28.
Nf2 Na4 29. Be7 Nc3 30. Bf1 Qe6 31. Qd6 Qxd6 32. Bxd6 Bd4 33. Bh3 f5 34. exf5
Bxe3 35. fxg6 Nf8 36. Kg2 Nxg6 37. Bf5 Kf7 38. Ne4 Nb5 39. Bb8 Bd5 40. h4 Be6
41. Bxe6+ Kxe6 42. f4 b6 43. Kf3 Bc1 44. Nf2 Kd5 45. g4 Nd4+ 46. Kg3 Bxf4+ 47.
Bxf4 Ne2+ 48. Kf3 Nexf4 49. gxh5 Nxh5 50. Nd3 Kc4 51. Ke3 Nxh4 52. Ke4 Ng3+ 53.
Ke3 Nhf5+ 54. Kd2 Ne4+ 55. Ke2 Neg3+ 56. Kd2 Nf1+ 57. Ke2 N5g3+ 0-1

[Event "TCh-FRA Top 12 2018"]
[Site "Brest FRA"]
[Date "2018.06.05"]
[Round "11.3"]
[Board "1"]
[White "Kveinys, Aloyzas"]
[Black "Van Foreest, Jorden"]
[Result "1/2-1/2"]
[WhiteTitle "GM"]
[BlackTitle "GM"]
[WhiteElo "2493"]
[BlackElo "2638"]
[WhiteTeam "Les Tours de Haute Picardie, SAINT QUENTIN"]
[BlackTeam "CLICHY Echecs 92"]
[WhiteFideId "12800040"]
[BlackFideId "1039784"]
[EventDate "2018.05.26"]

1. d4 Nf6 2. c4 g6 3. Nf3 Bg7 4. g3 O-O 5. Bg2 d6 6. O-O Ne4 7. Nbd2 Nxd2 8.
Bxd2 e5 9. dxe5 dxe5 10. Bb4 Qxd1 11. Rfxd1 Re8 12. Ng5 h6 13. Ne4 f5 14. Nc3 c6
15. e4 Be6 16. exf5 gxf5 17. Bh3 Nd7 18. Ne4 a5 19. Bc3 Nb6 20. Nd6 Nxc4 21.
Nxe8 Rxe8 1/2-1/2

[Event "TCh-FRA Top 12 2018"]
[Site "Brest FRA"]
[Date "2018.06.05"]
[Round "11.3"]
[Board "2"]
[White "Fressinet, Laurent"]
[Black "David, Alberto"]
[Result "1/2-1/2"]
[WhiteTitle "GM"]
[BlackTitle "GM"]
[WhiteElo "2651"]
[BlackElo "2563"]
[WhiteTeam "CLICHY Echecs 92"]
[BlackTeam "Les Tours de Haute Picardie, SAINT QUENTIN"]
[WhiteFideId "608742"]
[BlackFideId "4000013"]
[EventDate "2018.05.26"]

1. d4 Nf6 2. c4 e6 3. g3 d5 4. Nf3 Bb4+ 5. Bd2 Bd6 6. Nc3 O-O 7. Bg5 Be7 8. Bg2
Nbd7 9. O-O c6 10. Rc1 Nb6 11. c5 Nbd7 12. b4 b6 13. Qc2 Bb7 14. e4 a5 15. Bxf6
Bxf6 16. a3 axb4 17. axb4 bxc5 18. bxc5 Ba6 19. Rfe1 Qc7 20. h4 Rfb8 21. e5 Bd8
22. Ra1 Qb7 23. Reb1 Qc8 24. Rxb8 Qxb8 25. Ra4 Bc8 26. Bf1 Ra5 27. Bd3 h6 28.
Qa2 Qa7 29. Kg2 Rxa4 30. Qxa4 Qxa4 31. Nxa4 Ba5 32. Ng1 Nb8 33. Ne2 Ba6 34. Bxa6
Nxa6 35. Nc1 Nc7 36. Nb3 Bb4 37. Kf3 Nb5 38. Ke3 f6 39. Nb2 fxe5 40. dxe5 Bc3
41. Nd3 Na3 42. f4 Nc2+ 43. Ke2 h5 44. Ndc1 Nb4 45. Kf3 1/2-1/2

[Event "TCh-FRA Top 12 2018"]
[Site "Brest FRA"]
[Date "2018.06.05"]
[Round "11.3"]
[Board "3"]
[White "Marcelin, Cyril"]
[Black "Van Wely, Loek"]
[Result "1/2-1/2"]
[WhiteTitle "GM"]
[BlackTitle "GM"]
[WhiteElo "2462"]
[BlackElo "2667"]
[WhiteTeam "Les Tours de Haute Picardie, SAINT QUENTIN"]
[BlackTeam "CLICHY Echecs 92"]
[WhiteFideId "607274"]
[BlackFideId "1000268"]
[EventDate "2018.05.26"]

1. e4 c5 2. c3 Nf6 3. e5 Nd5 4. g3 d6 5. exd6 e6 6. Bg2 Bxd6 7. Nf3 Nc6 8. O-O
O-O 9. d4 cxd4 10. Nxd4 Nxd4 11. Qxd4 Qc7 12. Nd2 Rd8 13. Qc4 Bc5 14. Qe2 Bd7
15. Nb3 Bf8 16. c4 Nb4 17. Bf4 Qc8 18. Na5 Nc6 19. Nxc6 Bxc6 20. Rfd1 Bxg2 21.
Rxd8 Qxd8 22. Kxg2 a6 23. Rd1 Qe8 24. Qe4 b5 25. Bd6 bxc4 26. Bxf8 Qxf8 27. Kf3 1/2-1/2

[Event "TCh-FRA Top 12 2018"]
[Site "Brest FRA"]
[Date "2018.06.05"]
[Round "11.3"]
[Board "4"]
[White "Tregubov, Pavel V."]
[Black "Colin, Vincent"]
[Result "1/2-1/2"]
[WhiteTitle "GM"]
[BlackTitle "IM"]
[WhiteElo "2578"]
[BlackElo "2386"]
[WhiteTeam "CLICHY Echecs 92"]
[BlackTeam "Les Tours de Haute Picardie, SAINT QUENTIN"]
[WhiteFideId "4115341"]
[BlackFideId "612324"]
[EventDate "2018.05.26"]

1. d4 g6 2. c4 Bg7 3. Nf3 d6 4. Nc3 Nd7 5. g3 e5 6. Bg2 Ne7 7. O-O O-O 8. dxe5
Nxe5 9. Nxe5 dxe5 10. Qxd8 Rxd8 11. Nd5 Nxd5 12. cxd5 Bg4 13. e4 Rac8 14. Be3 c5
15. Rfc1 b6 16. f3 Bd7 17. Bf1 a5 18. a4 f5 19. Ba6 Ra8 20. Bc4 Bf6 21. b3 Kf8
22. Rd1 Ra7 23. Ra2 g5 24. exf5 Bxf5 25. d6 e4 26. g4 Bg6 27. fxe4 Bxe4 28. Rf2
Kg7 29. Bb5 Rad7 30. Bxd7 Rxd7 31. Bc1 Bd4 32. Bb2 Rxd6 33. Bxd4+ cxd4 34. Rfd2
d3 35. Re1 Rd4 36. Rc1 Kf6 37. Kf2 Ke5 38. Ke3 Bg6 39. Rc4 Rf4 40. h3 Be4 41.
Rh2 Rf3+ 42. Kd2 Kf4 43. h4 gxh4 44. Rxh4 Rf2+ 45. Kd1 Ke3 46. Rxe4+ Kxe4 47.
Rxh7 Rb2 48. g5 Kf5 49. Rd7 Rxb3 50. Kd2 Kxg5 51. Rxd3 Rb4 52. Kc3 Kf5 53. Rd4
Rb1 54. Kc2 Ke5 55. Rh4 Rf1 56. Rh6 Rf6 57. Rxf6 Kxf6 58. Kc3 Ke5 59. Kc4 Kd6
60. Kd4 Kc7 61. Kc4 Kc6 62. Kd4 1/2-1/2

[Event "TCh-FRA Top 12 2018"]
[Site "Brest FRA"]
[Date "2018.06.05"]
[Round "11.3"]
[Board "5"]
[White "Cappon, John"]
[Black "Kosteniuk, Alexandra"]
[Result "0-1"]
[BlackTitle "GM"]
[WhiteElo "2145"]
[BlackElo "2555"]
[WhiteTeam "Les Tours de Haute Picardie, SAINT QUENTIN"]
[BlackTeam "CLICHY Echecs 92"]
[WhiteFideId "608459"]
[BlackFideId "4128125"]
[EventDate "2018.05.26"]

1. e4 c6 2. d4 d5 3. Nd2 dxe4 4. Nxe4 Bf5 5. Ng3 Bg6 6. f4 e6 7. Nf3 Bd6 8. Bd3
Ne7 9. O-O O-O 10. Bxg6 hxg6 11. c3 c5 12. Ne4 cxd4 13. Nxd6 Qxd6 14. Qxd4 Qc7
15. Qe5 Qb6+ 16. Qd4 Qa6 17. Qf2 Nd7 18. Nd4 Rfd8 19. Qe2 Qxe2 20. Nxe2 Nb6 21.
b3 Rd3 22. c4 Nf5 23. Ba3 Rd2 24. Rfe1 a5 25. Bc5 Nd7 26. Bf2 Nf6 27. Nc3 Ng4
28. Rf1 Rad8 29. Ne4 Rc2 30. Rad1 Rxd1 31. Rxd1 f6 32. Ra1 Re2 33. h3 Nxf2 34.
Nxf2 Ne3 35. g4 b6 36. Nd3 Rg2+ 37. Kh1 Rd2 38. Ne1 Kf7 39. Nf3 Rf2 40. Nd4 Rxf4
41. Nb5 Rf3 42. Kh2 Rf2+ 43. Kg3 Rd2 44. Re1 Nc2 45. Rf1 Nb4 46. a3 Nc6 47. Rf3
e5 48. Re3 f5 0-1

[Event "TCh-FRA Top 12 2018"]
[Site "Brest FRA"]
[Date "2018.06.05"]
[Round "11.3"]
[Board "6"]
[White "Delorme, Axel"]
[Black "Geenen, Marc"]
[Result "1-0"]
[WhiteTitle "GM"]
[BlackTitle "FM"]
[WhiteElo "2527"]
[BlackElo "2238"]
[WhiteTeam "CLICHY Echecs 92"]
[BlackTeam "Les Tours de Haute Picardie, SAINT QUENTIN"]
[WhiteFideId "632023"]
[BlackFideId "200085"]
[EventDate "2018.05.26"]

1. d4 d5 2. Nf3 Nf6 3. g3 c5 4. Bg2 cxd4 5. O-O g6 6. Nxd4 Bg7 7. Nc3 e6 8. e4
Nc6 9. exd5 Nxd5 10. Nxd5 Nxd4 11. Nb4 O-O 12. c3 Qe7 13. Re1 Nf5 14. Nd3 Rd8
15. Qe2 Qd6 16. Rd1 Qa6 17. Qc2 Qc4 18. Bf4 Bd7 19. Bxb7 Bc6 20. Bxc6 Qxc6 21.
Qe2 Qc4 22. Rd2 Rd5 23. Nb4 Qxe2 24. Rxe2 Rd7 25. a4 a5 26. Nc6 Rc8 27. Nxa5 Ra7
28. Nb3 e5 29. Be3 Nxe3 30. fxe3 Rb7 31. Nc1 e4 32. a5 Rd8 33. a6 Rd1+ 34. Kf2
Ra7 35. Rc2 Rd6 36. Nb3 Raxa6 37. Rxa6 Rxa6 38. Nc5 1-0

[Event "TCh-FRA Top 12 2018"]
[Site "Brest FRA"]
[Date "2018.06.05"]
[Round "11.3"]
[Board "7"]
[White "Bolon, Karelle"]
[Black "Barbot, Pierre1"]
[Result "0-1"]
[WhiteTitle "WFM"]
[BlackTitle "IM"]
[WhiteElo "1994"]
[BlackElo "2421"]
[WhiteTeam "Les Tours de Haute Picardie, SAINT QUENTIN"]
[BlackTeam "CLICHY Echecs 92"]
[WhiteFideId "634514"]
[BlackFideId "663727"]
[EventDate "2018.05.26"]

1. e4 e5 2. Nf3 d6 3. d4 Nd7 4. Nc3 Ngf6 5. Rg1 c6 6. g4 exd4 7. Qxd4 d5 8. e5
Bc5 9. Qf4 Qb6 10. Na4 Bxf2+ 11. Ke2 Qb5+ 12. Kxf2 Ne4+ 13. Qxe4 dxe4 14. Bxb5
cxb5 15. Nc3 exf3 16. Nxb5 O-O 17. Bf4 Nc5 18. Nc7 Rb8 19. Kxf3 Bd7 20. Kg3 Bc6
21. c4 Ne4+ 22. Kh4 f6 23. g5 fxe5 24. Be3 Rf3 25. Bxa7 Bd7 26. Rg4 Bxg4 27.
Kxg4 Rf4+ 28. Kh3 Nxg5+ 29. Kg3 Rd8 30. Nd5 Rxc4 31. Rd1 Ne4+ 32. Kf3 Kf7 33. b3
Ng5+ 34. Kg3 Rc2 35. h4 Ne4+ 36. Kf3 Nf6 0-1

[Event "TCh-FRA Top 12 2018"]
[Site "Brest FRA"]
[Date "2018.06.05"]
[Round "11.3"]
[Board "8"]
[White "Guichard, Pauline"]
[Black "Le Hay, Thierry"]
[Result "1-0"]
[WhiteTitle "WGM"]
[WhiteElo "2303"]
[BlackElo "2062"]
[WhiteTeam "CLICHY Echecs 92"]
[BlackTeam "Les Tours de Haute Picardie, SAINT QUENTIN"]
[WhiteFideId "639370"]
[BlackFideId "639613"]
[EventDate "2018.05.26"]

1. c4 f5 2. g3 Nf6 3. Nc3 g6 4. Bg2 Bg7 5. d3 d6 6. e4 Nc6 7. Nge2 e5 8. O-O O-O
9. Rb1 a5 10. a3 Ne7 11. Bd2 c6 12. f4 fxe4 13. dxe4 Be6 14. b3 d5 15. Kh1 Nxe4
16. Nxe4 dxe4 17. Bxe4 Bf5 18. Bxf5 Nxf5 19. fxe5 Bxe5 20. Nf4 Qd6 21. Qc1 Rfd8
22. Bc3 Bxc3 23. Qxc3 Qd4 24. Qf3 Qe3 25. Qxe3 Nxe3 26. Rfe1 Re8 27. Rb2 Re7 28.
Rbe2 Rae8 29. g4 Kf7 30. Rg1 Re4 31. Nh3 Kg8 32. Nf2 R4e7 33. Nd3 b6 34. Rge1
Kf7 35. h3 h6 36. a4 Re4 37. Kg1 R4e7 38. Nf4 g5 39. Nd3 c5 40. Nc1 Nc2 41. Rf1+ 1-0

[Event "TCh-FRA Top 12 2018"]
[Site "Brest FRA"]
[Date "2018.06.05"]
[Round "11.4"]
[Board "1"]
[White "Jobava, Baadur"]
[Black "Riazantsev, Alexander"]
[Result "1/2-1/2"]
[WhiteTitle "GM"]
[BlackTitle "GM"]
[WhiteElo "2663"]
[BlackElo "2662"]
[WhiteTeam "Tremblay en France"]
[BlackTeam "Metz Fischer"]
[WhiteFideId "13601520"]
[BlackFideId "4125029"]
[EventDate "2018.05.26"]

1. e4 c6 2. d4 d5 3. Nd2 dxe4 4. Nxe4 Bf5 5. Ng3 Bg6 6. N1e2 Nd7 7. Nf4 Qc7 8.
Be3 e6 9. Qd2 Ngf6 10. O-O-O Nd5 11. Kb1 Bb4 12. Qc1 Nxf4 13. Bxf4 Bd6 14. Bxd6
Qxd6 15. Bd3 1/2-1/2

[Event "TCh-FRA Top 12 2018"]
[Site "Brest FRA"]
[Date "2018.06.05"]
[Round "11.4"]
[Board "2"]
[White "Balogh, Csaba"]
[Black "Piorun, Kacper"]
[Result "1/2-1/2"]
[WhiteTitle "GM"]
[BlackTitle "GM"]
[WhiteElo "2628"]
[BlackElo "2633"]
[WhiteTeam "Metz Fischer"]
[BlackTeam "Tremblay en France"]
[WhiteFideId "718939"]
[BlackFideId "1130420"]
[EventDate "2018.05.26"]

1. e4 e5 2. Nf3 Nc6 3. Bb5 Nf6 4. d3 Bc5 5. O-O Nd4 6. Nxd4 Bxd4 7. c3 Bb6 8.
Na3 c6 9. Ba4 d6 10. Bc2 O-O 11. Nc4 Bc7 12. Bg5 h6 13. Bh4 d5 14. exd5 cxd5 15.
Ne3 d4 16. Bxf6 Qxf6 17. Nd5 Qd6 18. Nxc7 Qxc7 19. cxd4 exd4 20. Bb3 Bf5 21. Qf3 1/2-1/2

[Event "TCh-FRA Top 12 2018"]
[Site "Brest FRA"]
[Date "2018.06.05"]
[Round "11.4"]
[Board "4"]
[White "Feller, Sebastien"]
[Black "Flom, Gabriel"]
[Result "1-0"]
[WhiteTitle "GM"]
[BlackTitle "IM"]
[WhiteElo "2574"]
[BlackElo "2501"]
[WhiteTeam "Metz Fischer"]
[BlackTeam "Tremblay en France"]
[WhiteFideId "634654"]
[BlackFideId "621650"]
[EventDate "2018.05.26"]

1. e4 e6 2. d4 c5 3. d5 d6 4. Nc3 a6 5. a4 Be7 6. Nf3 e5 7. Be2 Nf6 8. Nd2 Nbd7
9. a5 Nf8 10. Nc4 Ng6 11. Nb6 Rb8 12. Qd3 Nf4 13. Bxf4 exf4 14. Qd2 g5 15. g3
fxg3 16. hxg3 Nd7 17. Nc4 Ne5 18. Nxe5 dxe5 19. Na4 h6 20. Nb6 Bf6 21. O-O-O Bg7
22. Qc3 Qd6 23. f4 O-O 24. fxg5 hxg5 25. Qe3 f6 26. Nxc8 Rfxc8 27. Bg4 Rd8 28.
Rdf1 Re8 29. Be6+ Rxe6 30. dxe6 Qd4 31. Qb3 Qxe4 32. Rd1 c4 33. Qb6 Re8 34. Rhe1
Qg6 35. Qxb7 f5 36. Qxa6 c3 37. Rd6 cxb2+ 38. Kb1 e4 39. Qc4 Qf6 40. Rd8 Rxd8
41. e7+ Kh7 42. exd8=Q Qxd8 43. Qf7 1-0

[Event "TCh-FRA Top 12 2018"]
[Site "Brest FRA"]
[Date "2018.06.05"]
[Round "11.4"]
[Board "5"]
[White "Abergel, Thal"]
[Black "Todorov, Todor"]
[Result "1-0"]
[WhiteTitle "GM"]
[BlackTitle "GM"]
[WhiteElo "2429"]
[BlackElo "2477"]
[WhiteTeam "Tremblay en France"]
[BlackTeam "Metz Fischer"]
[WhiteFideId "614890"]
[BlackFideId "2903237"]
[EventDate "2018.05.26"]

1. e4 g6 2. d4 Bg7 3. Nc3 d6 4. f4 Nf6 5. Nf3 c5 6. Bb5+ Bd7 7. Bxd7+ Nfxd7 8.
d5 b5 9. O-O b4 10. Ne2 O-O 11. Ng3 Qb6 12. h4 e6 13. dxe6 fxe6 14. Ng5 Bd4+ 15.
Kh1 Nc6 16. Nxe6 Rae8 17. Nxf8 Rxf8 18. f5 Nf6 19. fxg6 hxg6 20. Bg5 Bxb2 21.
Bxf6 Bxf6 22. Qxd6 Nd4 23. Qd5+ Qe6 24. Rad1 Qxd5 25. exd5 Nxc2 26. Ne4 Bd4 27.
Rxf8+ Kxf8 28. Nxc5 Bxc5 29. Rc1 Ke7 30. Rxc2 Kd6 31. g4 a5 32. h5 gxh5 33. gxh5
Be3 34. Rc6+ Kxd5 35. Ra6 Bd2 36. Rxa5+ Ke6 37. Ra6+ Kf7 38. Kg2 Kg7 39. Kf3 Bc3
40. Rg6+ Kh7 41. Ke4 Bb2 42. Kd3 Bc1 43. Kc4 Bd2 44. Rb6 1-0